00403 2200157 4500001002100000005001500021008004100036020001800077035001900095082000800114090001400122100001800136245003400154260003000188300002700218INLIS00000000000877820241224113716241224||||||||| | ||| |||| ||  a979 752 372 1 0010-12240087780 a813 a813 SIN a0 aSinta Yudisia00aARMANUSA : KALA HATI TERBELAH aBandungbDar! Mizanc2006 a228 hlm.; ilus.; 17 cm